00255 a2200121 4500001000700000020001800007040001100025100002500036240003000061245002500091300000800116362000900124175398 a82-254-0275-3 cMagnum aLutzenberger, José10aGaia: o planeta vivolpor10aGaia: o planeta vivo a1100 a1991